|
|
|
|
| LEADER |
01279nam a2200337 a 4500 |
| 001 |
38034 |
| 003 |
BD-DhAAL |
| 005 |
20220309152354.0 |
| 008 |
000309t2002 nyu 001 0deng |
| 999 |
|
|
|c 43720
|d 43720
|
| 010 |
|
|
|a 2002036457
|
| 020 |
|
|
|a 0743202759
|
| 040 |
|
|
|a DLC
|c DLC
|d DLC
|d BD-DhAAL
|
| 043 |
|
|
|a n-us---
|
| 050 |
0 |
0 |
|a E178.6
|b .A38 2002
|
| 082 |
0 |
0 |
|a 973
|2 23
|
| 100 |
1 |
|
|a Ambrose, Stephen E.
|9 46674
|
| 245 |
1 |
0 |
|a To America :
|b personal reflections of an historian /
|c Stephen E. Ambrose.
|
| 260 |
|
|
|a New York :
|b Simon & Schuster,
|c c2002.
|
| 300 |
|
|
|a xvi, 265 pages ;
|c 24 cm.
|
| 500 |
|
|
|a Includes index.
|
| 541 |
|
|
|a Donated by Akbar Ali Khan
|e 38034
|
| 600 |
1 |
0 |
|a Ambrose, Stephen E.
|9 46674
|
| 650 |
|
0 |
|a Historians
|z United States
|v Biography.
|9 46675
|
| 651 |
|
0 |
|a United States
|x History.
|9 46676
|
| 651 |
|
0 |
|a United States
|v Biography.
|9 46677
|
| 651 |
|
0 |
|a United States
|x Historiography.
|9 46678
|
| 852 |
|
|
|a Ayesha Abed Library
|c Akbar Ali Khan Collection
|
| 856 |
4 |
1 |
|3 Table of contents only
|u http://www.loc.gov/catdir/toc/simon031/2002036457.html
|
| 942 |
|
|
|2 ddc
|c BK
|
| 952 |
|
|
|0 0
|1 0
|2 ddc
|4 0
|6 973_000000000000000_AMB
|7 1
|9 70065
|a BRACUL
|b BRACUL
|c AAKC
|d 2022-03-09
|e Donated by Akbar Ali Khan
|l 0
|o 973 AMB
|p 3010038034
|r 2022-03-09
|t 1
|w 2022-03-09
|y BK
|